NFL records (2024) - Statistics

General Stats
  • This quiz has been taken 19 times
  • The average score is 16 of 32
Answer Stats
Hint Answer % Correct
15-2 Detroit lions
81%
14-3 Philadelphia eagles
81%
13-4 buffalo bills
75%
14-3 Minnesota vikings
63%
10-7 Denver broncos
56%
11-6 green bay packers
56%
4-13 Las Vegas raiders
56%
11-6 los Angeles chargers
56%
10-7 los Angeles rams
56%
8-9 Miami dolphins
56%
4-13 New England patriots
56%
10-7 Pittsburgh steelers
56%
12-5 Washington commanders
56%
5-12 Chicago bears
50%
9-8 cincinnati bengals
50%
10-7 Houston texans
50%
5-12 New York jets
50%
10-7 Tampa bay buccaneers
50%
8-9 Atlanta falcons
44%
12-5 Baltimore ravens
44%
7-10 Dallas cowboys
44%
8-9 indianapolis colts
44%
4-13 Jacksonville jaguars
44%
3-14 new York giants
44%
10-7 Seattle seahawks
44%
3-14 Tennessee titans
44%
8-9 Arizona cardinals
38%
5-12 Carolina panthers
38%
3-14 Cleveland browns
38%
5-12 New Orleans saints
38%
15-2 Kansas City cheifs
19%
6-11 San Fran 49ers
0%
No matching quizzes found
Score Distribution
Percent of People with Each Score
Percentile by Number Answered
Your Score History
You have not taken this quiz